|
|
|
|
| LEADER |
01230nam a2200301 a 4500 |
| 001 |
2343395 |
| 008 |
090909s1982 onca b 000 0 eng d |
| 010 |
|
|
|a \\\82205351
|
| 020 |
|
|
|a 0889363269 (pbk.)
|
| 040 |
|
|
|a DLC
|c DLC
|d DLC
|
| 082 |
0 |
0 |
|a 371.2/19/83
|2 19
|
| 100 |
1 |
|
|a Schiefelbein, Ernesto.
|
| 245 |
1 |
0 |
|a Eight years of their lives :
|b through schooling to the labour market in Chile /
|c Ernesto Schiefelbein, Joseph P. Farrell.
|
| 260 |
|
|
|a Ottawa, Canada :
|b International Development Research Centre,
|c c1982.
|
| 300 |
|
|
|a 207 p. :
|b ill. ;
|c 25 cm.
|
| 490 |
1 |
|
|a IDRC ;
|v 191e
|
| 504 |
|
|
|a Bibliography: p. 173-177.
|
| 541 |
1 |
|
|e 00003372
|
| 650 |
|
0 |
|a School attendance
|z Chile.
|
| 650 |
|
0 |
|a High school graduates
|z Chile.
|
| 650 |
|
0 |
|a Business and education
|z Chile.
|
| 650 |
|
0 |
|a Youth
|x Employment
|z Chile.
|
| 700 |
1 |
|
|a Farrell, Joseph P.
|
| 710 |
2 |
|
|a International Development Research Centre (Canada)
|
| 830 |
|
0 |
|a IDRC (Series) ;
|v 191e.
|
| 852 |
4 |
|
|a Ayesha Abed Library
|j General shelf
|
| 999 |
|
|
|c 3866
|d 3866
|
| 952 |
|
|
|0 0
|1 0
|2 ddc
|4 0
|6 371_219830000000000_SCH_1982
|7 0
|9 3518
|a BRACUL
|b BRACUL
|c GEN
|d 2009-09-13
|g 0.00
|l 0
|o 371.21983 SCH
|p 3010003372
|r 2009-09-13
|t 1
|w 2009-09-13
|y BK
|x No price found in the accession register.
|